NFL First Team All Pro Kickers - Statistics

General Stats
  • This quiz has been taken 199 times
    32 since last reset
  • The average score is 18 of 56
Answer Stats
Year Team Kicker % Correct
2021 Ravens Justin Tucker
89%
2019 Ravens Justin Tucker
89%
2018 Ravens Justin Tucker
89%
2016 Ravens Justin Tucker
89%
2013 Ravens Justin Tucker
89%
2023 Cowboys Brandon Aubrey
85%
2024 Steelers Chris Boswell
85%
2014 Colts Adam Vinatieri
81%
2004 Patriots Adam Vinatieri
81%
2002 Patriots Adam Vinatieri
81%
2022 Raiders Daniel Carlson
63%
2015 Patriots Stephen Gostkowski
63%
2008 Patriots Stephen Gostkowski
63%
1995 Falcons Morten Andersen
59%
1987 Saints Morten Andersen
59%
1986 Saints Morten Andersen
59%
1998 Vikings Gary Anderson
52%
2020 Dolphins Jason Sanders
44%
2012 Vikings Blair Walsh
41%
2011 49ers David Akers
33%
2001 Eagles David Akers
33%
1982 Redskins Mark Moseley
33%
2025 Vikings Will Reichard
33%
1970 Chiefs Jan Stenerud
30%
2006 Bears Robbie Gould
30%
2010 Ravens Billy Cundiff
22%
2003 Colts Mike Vanderjagt
22%
2005 Cardinals Neil Rackers
22%
1988 Bills Scott Norwood
22%
1984 Seahawks Norm Johnson
19%
1973 Dolphins Garo Yepremian
15%
1971 Dolphins Garo Yepremian
15%
2000 Ravens Matt Stover
15%
2009 Chargers Nate Kaeding
15%
1993 Packers Chris Jacke
11%
2017 Cowboys Greg Zuerlein
11%
2007 Titans Rob Bironas
11%
1974 Packers Chester Marcol
7%
1972 Packers Chester Marcol
7%
1980 Lions Eddie Murray
7%
1989 49ers Mike Cofer
7%
1990 Chiefs Nick Lowery
7%
1985 Chiefs Nick Lowery
7%
1999 Dolphins Olindo Mare
7%
1977 Cowboys Efrén Herrera
4%
1991 Raiders Jeff Jaeger
4%
1994 Chargers John Carney
4%
1992 Dolphins Pete Stoyanovich
4%
1981 Cowboys Rafael Septién
4%
1983 Giants Ali Haji-Sheikh
0%
1996 Colts Cary Blanchard
0%
1976 Cardinals Jim Bakken
0%
1975 Cardinals Jim Bakken
0%
1978 Jets Pat Leahy
0%
1997 Cowboys Richie Cunningham
0%
1979 Oilers Toni Fritsch
0%
No matching quizzes found
Score Distribution
Percent of People with Each Score
Percentile by Number Answered
Your Score History
You have not taken this quiz since the last reset